LIBRARY & INFORMATION CENTRE, KCAET, TAVANUR

ONLINE PUBLIC ACCESS CATALOGUE (OPAC)

Soils of India / (Record no. 8815)

MARC details
000 -LEADER
fixed length control field 00409cam a2200157ua 4500
041 ## - LANGUAGE CODE
Language code of text/sound track or separate title eng
082 ## - DEWEY DECIMAL CLASSIFICATION NUMBER
Classification number 631.4
Item number RAY/SO
100 ## - MAIN ENTRY--AUTHOR NAME
Personal name Raychaudhury, S.P .
245 ## - TITLE STATEMENT
Title Soils of India /
260 ## - PUBLICATION, DISTRIBUTION, ETC. (IMPRINT)
Place of publication New Delhi :
Name of publisher Indian Council for Agricultural Research ,
Year of publication 1963.
300 ## - PHYSICAL DESCRIPTION
Number of Pages 494 ; .
942 ## - ADDED ENTRY ELEMENTS (KOHA)
Koha item type Books
Holdings
Withdrawn status Lost status Damaged status Home library Current library Date acquired Cost, normal purchase price Full call number Accession Number Koha item type
Withdrawn     KAUAET KAUAET 07/04/2012 17.50 631.4 7142 Books
Withdrawn     KAUAET KAUAET 07/04/2012 17.50 631.4 7143 Books
free website counter